Progressively Harder Country Outlines (Asia) Quiz Stats

Quiz Updated Sep 12, 2015

Score 0/49 Timer 07:00
11 Plays Today
% Correct
China
98.8%
Japan
98.1%
India
98%
Russia
97.8%
Iran
84.5%
Iraq
81.8%
Vietnam
80.6%
Indonesia
80.4%
Thailand
77.4%
Mongolia
77.4%
Turkey
75.3%
Israel
72%
Philippines
70%
Laos
67.8%
Pakistan
67.6%
Saudi Arabia
66.9%
Nepal
65.3%
South Korea
64.3%
Sri Lanka
63.4%
Yemen
63.2%
Afghanistan
62.8%
Kazakhstan
61.9%
Jordan
61.8%
Myanmar
61.4%
North Korea
59.8%
% Correct
Oman
59.3%
United Arab Emirates
58.1%
Malaysia
56.7%
Taiwan
54.3%
Uzbekistan
49.6%
Bangladesh
48.1%
Cambodia
46%
Syria
45.8%
Maldives
44.5%
Turkmenistan
43.9%
Kuwait
39.7%
Georgia
38.5%
Lebanon
35.9%
Singapore
35%
Palestine
34.9%
Kyrgyzstan
34.9%
Tajikistan
34.4%
Qatar
33.8%
Timor-Leste
30.2%
Azerbaijan
29.6%
Bhutan
29.3%
Armenia
28.6%
Bahrain
28%
Brunei
26.6%

You're not logged in!

Compare scores with friends on all Sporcle quizzes.
Sign Up with Email
OR
Log In

Show Comments

Extras

Top Quizzes Today


Score Distribution

Your Account Isn't Verified!

In order to create a playlist on Sporcle, you need to verify the email address you used during registration. Go to your Sporcle Settings to finish the process.